Database Management System (Record no. 177)

MARC details
000 -LEADER
fixed length control field 00422nam a22001697a 4500
005 - DATE AND TIME OF LATEST TRANSACTION
control field 20180209121346.0
008 - FIXED-LENGTH DATA ELEMENTS--GENERAL INFORMATION
fixed length control field 160428b xxu||||| |||| 00| 0 eng d
020 ## - INTERNATIONAL STANDARD BOOK NUMBER
ISBN 81-2032028-X
041 ## - LANGUAGE CODE
Language code of text/sound track or separate title eng
082 ## - DEWEY DECIMAL CLASSIFICATION NUMBER
Item number 00621
Classification number 005.74
100 ## - MAIN ENTRY--AUTHOR NAME
Personal name Pnneerselvam,R.
245 ## - TITLE STATEMENT
Title Database Management System
260 ## - PUBLICATION, DISTRIBUTION, ETC. (IMPRINT)
Place of publication New Delhi
Name of publisher PHI Pvt Ltd.
Year of publication 2004
300 ## - PHYSICAL DESCRIPTION
Number of Pages 377
650 ## - SUBJECT ADDED ENTRY--TOPICAL TERM
Topical Term Information Technology
942 ## - ADDED ENTRY ELEMENTS (KOHA)
Koha item type Books
Holdings
Lost status Damaged status Collection code Home library Current library Shelving location Date acquired Cost, normal purchase price Full call number Accession Number Koha item type
    CS/IT JRU Library JRU Library SHELF-52-A 28/04/2016 195.00 005.74 00621 Books
    Reference JRU Library   SHELF-30-B 28/04/2016 195.00 00621 00622 Books
    CS/IT JRU Library JRU Library SHELF-52-A 28/04/2016 195.00 005.74 00623 Books